| 000 | 00000nam 22000008a 4500 |
| 001 | 9.834721 |
| 003 | CaOODSP |
| 005 | 20221107150510 |
| 007 | cr ||||||||||| |
| 008 | 170404s2017 quc o f00| 0 fre d |
| 020 | |a978-0-660-08178-6 |
| 040 | |aCaOODSP|bfre |
| 043 | |an-cn--- |
| 086 | 1 |aCW66-544/2017F-PDF |
| 245 | 00|aAccroître la sensibilisation de l’industrie de la pêche et l'engagement à l'égard de la conservation des tortues caouanes (Carretta caretta) |h[ressource électronique]. |
| 260 | |a[Gatineau, Québec] : |bEnvironnement et Changement climatique Canada, |c[2017]. |
| 300 | |a[1] p. |
| 500 | |aPubl. aussi en anglais sous le titre : Enhancing fishing industry awareness and commitment to conservation of loggerhead sea turtles (Carretta caretta). |
| 500 | |aTitre de départ. |
| 500 | |a« Programme d'intendance de l'habitat - Volet sur la prévention. » |
| 692 | 07|2gccst|aHabitat |
| 692 | 07|2gccst|aPêcheries |
| 710 | 2 |aService canadien de la faune. |
| 775 | 08|tEnhancing fishing industry awareness and commitment to conservation of loggerhead sea turtles (Carretta caretta) |w(CaOODSP)9.834715 |
| 856 | 40|qPDF|s320 Ko|uhttps://publications.gc.ca/collections/collection_2017/eccc/CW66-544-2017-fra.pdf |